000 01251nam a22001577a 4500
005 20260624074509.0
020 _a9781250391230
082 _a658.409
100 _aWynn-Williams, Sarah.
245 _aCareless people
_ba cautionary tale of power, greed, and lost idealism
260 _aNew York
_bFlatiron Books
_c2025
300 _axi, 382p.
_b25 cm
520 _aFrom trips on private jets and encounters with world leaders to shocking accounts of misogyny and double standards behind the scenes, this searing memoir exposes both the personal and the political fallout when unfettered power and a rotten company culture take hold. In a gripping and often absurd narrative where a few people carelessly hold the world in their hands, this eye-opening memoir reveals what really goes on among the global elite. Sarah Wynn-Williams tells the wrenching but fun story of Facebook, mapping its rise from stumbling encounters with juntas to Mark Zuckerberg’s reaction when he learned of Facebook’s role in Trump’s election. She experiences the challenges and humiliations of working motherhood within a pressure cooker of a workplace, all while Sheryl Sandberg urges her and others to “lean in.”
650 _aWynn-Williams, Sarah
942 _cBK
999 _c11518
_d11518